Carbon compliance (Record no. 111788)

MARC details
000 -LEADER
fixed length control field 00940cad a22001935a 4500
001 - CONTROL NUMBER
control field L152001
008 - FIXED-LENGTH DATA ELEMENTS--GENERAL INFORMATION
fixed length control field 110120s2011 xxk f 000 0 eng d
035 ## - SYSTEM CONTROL NUMBER
System control number (Sirsi) u152001
041 0# - LANGUAGE CODE
Language code of text/sound track or separate title eng
110 2# - MAIN ENTRY--CORPORATE NAME
Corporate name or jurisdiction name as entry element Zero Carbon Hub
245 00 - TITLE STATEMENT
Title Carbon compliance
Remainder of title what is the appropriate level for 2016?, interim report
Medium [electronic resource]
260 ## - PUBLICATION, DISTRIBUTION, ETC.
Place of publication, distribution, etc. London
Name of publisher, distributor, etc. Zero Carbon Hub
Date of publication, distribution, etc. 2010
520 ## - SUMMARY, ETC.
Summary, etc. The Task Group concluded that the currently proposed 70% improvement over 2006 is not deliverable as a national minimum standard for all dwellings from 2016 as it would significantly constrain the range of house types (and designs) which could be built.
590 ## - LOCAL NOTE (RLIN)
Local note KA NTK
651 #4 - SUBJECT ADDED ENTRY--GEOGRAPHIC NAME
Geographic name United Kingdom
Chronological subdivision
690 ## - LOCAL SUBJECT ADDED ENTRY--TOPICAL TERM (OCLC, RLIN)
Topical term or geographic name as entry element BUILT ENVIRONMENT-SUSTAINABLE CONSTRUCTION
856 40 - ELECTRONIC LOCATION AND ACCESS
Uniform Resource Identifier <a href="https://www.zerocarbonhub.org/resourcefiles/Carbon_Compliance_Interim_Report_16_12_10.pdf">https://www.zerocarbonhub.org/resourcefiles/Carbon_Compliance_Interim_Report_16_12_10.pdf</a>
Public note View this item free of charge at www.zerocarbonhub.org
942 ## - ADDED ENTRY ELEMENTS (KOHA)
Suppress in OPAC 0
Holdings
Withdrawn status Lost status Source of classification or shelving scheme Damaged status Not for loan Home library Current library Shelving location Date acquired Total Checkouts Full call number Barcode Date last seen Copy number Price effective from Koha item type
    Dewey Decimal Classification     Virtual Virtual Online 20/01/2011   ONLINE PUBLICATION 152001-2001 06/08/2019 1 06/08/2019 Book